| 000 | 00730nam a2200217Ia 4500 | ||
|---|---|---|---|
| 005 | 20171122111502.0 | ||
| 008 | 131103s9999 xx 000 0 und d | ||
| 020 |
_a8180641244 _cRs 200 |
||
| 040 | _aLoreto College | ||
| 041 | _aEnglish | ||
| 082 |
_a526 _bBAS |
||
| 245 |
_aContemporary issues and techniques in Geography _cEdited by Ranjan Basu, Sukla Bhaduri |
||
| 260 |
_aKolkata _bDepartment of Geography, University of Calcutta and Progressive Publishers _c2007 |
||
| 300 |
_a262p _b maps, drawings, tables |
||
| 504 | _aIncludes webliography and list of GIS software | ||
| 650 | _aGeographic Information System | ||
| 651 | _aTechniques in Geography | ||
| 700 |
_aBasu, Ranjan _4ed. |
||
| 850 | _aLCLIB | ||
| 942 | _cBK | ||
| 999 |
_c16217 _d66696 |
||